| 000 | 00547nam a2200229Ia 4500 | ||
|---|---|---|---|
| 003 | 0100 | ||
| 008 | 130303s9999 xx 000 0 und d | ||
| 020 | _a0631205802 | ||
| 040 | _cARRUPELIB | ||
| 050 | _aBD161.E63 1998 | ||
| 245 | _aEpistemology | ||
| 245 | _bthe big questions | ||
| 260 | _aOxford | ||
| 260 | _bBlackwell Publishing | ||
| 260 | _C1998 | ||
| 300 | _a445p. | ||
| 300 | _b 23 cm | ||
| 440 | _aPhilosophy, the big question; 3 | ||
| 650 | _bEducation--Philosophy | ||
| 700 | _aAlcoff, Linda Martin | ||
| 942 |
_2lcc _01 |
||
| 999 |
_c65248 _d65248 |
||